000 00689nam a22002057a 4500
003 OSt
005 20260120055715.0
008 260120b |||||||| |||| 00| 0 eng d
020 _a981-244-696-6
040 _aDWC-Main Lib
_cOC
082 _24th edition
_aCirc. 577.21 St856 2004
100 _aStiling, P.
245 _aEcology :
_btheories and applications
_cStiling, Peter
250 _a4th edition
260 _aJurong Singapore,
_b Pearson Education South Asia Pte Ltd,
_cc2004
300 _axi, 403 pages ;
_c26 cm.
504 _aIncludes index.
650 _2Ecology.
942 _2ddc
_cBK-CIRC
_e4th edition
_hCirc. 577.21 St856 2004
_kCirc.
_n0
999 _c7587
_d7587